AMERICAN HISTORY / (Record no. 616620)

000 -LEADER
fixed length control field 00372nam a22001457a 4500
020 ## - INTERNATIONAL STANDARD BOOK NUMBER
Qualifying information HB.
040 ## - CATALOGING SOURCE
Transcribing agency FIZZA ISHAQ
082 ## - DEWEY DECIMAL CLASSIFICATION NUMBER
Classification number 973
Author Mark JOH
100 ## - MAIN ENTRY--PERSONAL NAME
Personal name GARRATY,A.JOHN.
9 (RLIN) 133777
245 ## - TITLE STATEMENT
Title AMERICAN HISTORY /
Statement of responsibility, etc. JOHN A.GARRATY.
250 ## - EDITION STATEMENT
Edition statement REVISED ED.
260 ## - PUBLICATION, DISTRIBUTION, ETC.
Place of publication, distribution, etc. NEW YORK ;
Name of publisher, distributor, etc. HARCOURT BRACE JONANOVICH,
Date of publication, distribution, etc. 1986.
300 ## - PHYSICAL DESCRIPTION
Extent 944 P. ;
Dimensions 9.8X7.9IN
942 ## - ADDED ENTRY ELEMENTS (KOHA)
Source of classification or shelving scheme
Koha item type Book
Holdings
Withdrawn status Lost status Source of classification or shelving scheme Damaged status Not for loan Permanent Location Current Location Shelving location Date acquired Full call number Barcode Date last seen Price effective from Koha item type
          NUST Baluchistan Campus (NBC) NUST Baluchistan Campus (NBC) General Stacks 03/11/2026 973 JOH QD-306 03/11/2026 03/11/2026 Book
© 2023 Central Library, National University of Sciences and Technology. All Rights Reserved.